British Cities in the Answer - Statistics

General Stats
  • This quiz has been taken 398 times
  • The average score is 11 of 20
Answer Stats
Hint Answer % Correct
Classic Paul Hogan movie Crocodile {Dundee}
89%
Author of "The War of the World" H. G. {Wells}
86%
Prince Philip's royal title Duke of {Edinburgh}
81%
Geoffrey Chaucer's most famous work The {Canterbury} Tales
80%
Most famous U.S. horse race Kentucky {Derby}
79%
They lost the War of the Roses House of {York}
75%
Iconic The Clash hit {London} Calling
75%
Alabama's largest city {Birmingham}
72%
2016 Casey Affleck movie {Manchester} by the Sea
53%
Harvard University locale {Cambridge}
49%
Maybe the least memorableU.S. president {Chester} A. Arthur
49%
Also known as a dressing gown {Bath}robe
47%
Light cruiser in the River Thames HMS {Belfast}
43%
Former name of Harare {Salisbury}
28%
"The Gun That Won the West" {Winchester} rifle
28%
Amish county in Pennsylvania {Lancaster}
25%
The facial scars of the Joker {Glasgow} smile
24%
Birthplace of Heath Ledger {Perth}
23%
Type of parliamentary government {Westminster} system
23%
City in Rhode Island known forsummer mansions {Newport}
22%
No matching quizzes found
Score Distribution
Percent of People with Each Score
Percentile by Number Answered
Your Score History
You have not taken this quiz